Mental Efficiency (Record no. 4257)

MARC details
000 -LEADER
fixed length control field 00587nam a2200229 a 4500
020 ## - INTERNATIONAL STANDARD BOOK NUMBER
ISBN
082 00 - DEWEY DECIMAL CLASSIFICATION NUMBER
Classification number 150
Author Cutter ALL
100 ## - MAIN ENTRY--AUTHOR NAME
Author name Alladin, Ali Mohammad
245 ## - TITLE STATEMENT
Title Mental Efficiency
Sub title Key to Successful Living.
260 ## - PUBLICATION, DISTRIBUTION, ETC. (IMPRINT)
Place of publication Hyderabad
Name of publisher Osmania University
Year of publication 1964
300 ## - PHYSICAL DESCRIPTION
Number of Pages 30p
500 ## - GENERAL NOTE
General note includes index and biblioraphy
505 2# - FORMATTED CONTENTS NOTE
Formatted contents note world christian books
942 ## - ADDED ENTRY ELEMENTS (KOHA)
Koha item type Books
700 1# -
-- Alladin, Ali Mohammad
Holdings
Collection code Home library Current library Date acquired Cost, normal purchase price Full call number Accession Number Koha item type
  Henry Martyn Institute Library Henry Martyn Institute Library 03/15/2007 0.60 150 ALL 07868 Books
                   Copyright © 2026 | Henry Martyn Institute | Hyderabad | TS-500052 | INDIA | Implemented by hmi.edu.in
Hit-Count:

Powered by Koha